000 00673nam a2200241 a 4500
001 BRL_783
005 20190320210908.0
008 071013s1938----mx-a######---#000-0#spa-#
041 _aspa
044 _amx
050 4 _aRC71
_b.O78 1938
100 1 _aOrtega Cardona, Manuel
_924930
245 1 0 _aClínica propedéutica médica
_cManuel Ortega Cardona.
250 _a2a ed.
260 _aMéxico, D.F.
_bA. Mijares y Hno.
_c1938
300 _a283 p.
_bil., 53 láminas
_c23 cm.
500 _aAu845
500 _aEstado físico: Tiene el lomo desprendido.
650 1 4 _aDiagnóstico
_924931
650 1 4 _aPronóstico médico
_924932
902 _aGRL
942 _2lcc
_cB
999 _c9595
_d9595